Un mundo feliz

Uloženo v:
Podrobná bibliografie
Hlavní autor: Huxley, Aldous Leonard (Autor)
Médium: Kniha
Jazyk:španělština
Vydáno: Barcelona Plaza & Janes 1982
Edice:El ave Fénix, 135
Témata:
Tagy: Přidat tag
Žádné tagy, Buďte první, kdo vytvoří štítek k tomuto záznamu!

MARC

LEADER 00000nam a2200000 a 4500
001 UCR3316
003 CL-VaPUC
008 980124e19820000SP |||||||||||||||||spa|d
082 0 4 |a 823  |b HUX  |2 21 
100 |a Huxley, Aldous Leonard  |e author  |9 553641 
245 1 3 |a Un mundo feliz 
300 |a 200 p 
942 |c BK 
945 |d 19980124 00:00:00  |a aolguin 
260 |a Barcelona  |b Plaza & Janes  |c 1982 
650 0 |a Novelas inglesas  |9 265220 
650 0 |a Literatura inglesa  |9 312907 
583 |a last modification  |c 19980124 00:00:00  |k Rodrigo Vera 
490 0 |a El ave Fénix, 135 
999 |c 266401  |d 266399